| 000 | 00837nam a22002417a 4500 | ||
|---|---|---|---|
| 003 | UA-OsUOA | ||
| 001 | 51535 | ||
| 007 | ta | ||
| 008 | 20140910b un ||||| |||| 00| 0 ukr d | ||
| 100 | _aКульчицький С. | ||
| 090 |
_a94(477) _bК90 |
||
| 942 | _cBK | ||
| 040 |
_aUA-OsUOA _bukr _cUA-OsUOA _dUA-OsUOA |
||
| 245 |
_aУкраїні і Росія: переваги і небезпеки "особливих відносин" _bРоздуми історика |
||
| 300 | _a113 с. | ||
| 955 | _a1 | ||
| 041 | _aukr | ||
| 080 | _a94(477) | ||
| 260 |
_aК. _bІнститут історії НАН України _c2004 |
||
| 650 | 7 |
_a9 Географія. Біографії. Історія _2UDC |
|
| 999 |
_c431660 _d431660 |
||